| 000 | 00606nam a2200193Ia 4500 | ||
|---|---|---|---|
| 005 | 20250326143621.0 | ||
| 008 | 250326s9999 xx 000 0 und d | ||
| 020 | _a81-88661-21-X | ||
| 037 | _aTextbook | ||
| 040 |
_aFMSL _beng _cFMSL |
||
| 041 |
_aeng _2eng |
||
| 084 |
_aS P4 _qFMSL |
||
| 100 |
_aCottringer William _9748281 |
||
| 245 | 0 |
_aYou can have your cheese and eat it too : Closing the gap between where you are and where you want to be _cCottringer William |
|
| 260 |
_aNew Delhi _bNew Delhi, East West _c2004 |
||
| 300 | _a191p | ||
| 942 |
_cTB _hS P4 |
||
| 999 |
_c1300293 _d1300293 |
||